[Event "NB II. Asztalos csoport"]
[Site "Baja"]
[Date "2024.05.12"]
[Round "9.8"]
[White "Kelemen, Aron"]
[Black "Csernyiczky, Laszlo"]
[Result "0-1"]
[WhiteElo "1967"]
[BlackElo "1946"]
[PlyCount "66"]
[EventDate "2023.10.08"]
[EventType "team-tourn"]
[EventRounds "9"]
[EventCountry "HUN"]
[Source "chess.hu"]
[WhiteTeam "Bajai SSC"]
[BlackTeam "Racalmas-Kiralysakk "]
[WhiteTeamCountry "HUN"]
[BlackTeamCountry "HUN"]

1. d4 e6 2. c4 b6 3. Nc3 Bb7 4. e4 Bb4 5. Bd3 f5 6. f3 fxe4 7. fxe4 Nf6 8. Qe2
Bxc3+ 9. bxc3 Nxe4 10. Nf3 Nxc3 11. Qc2 Bxf3 12. gxf3 Qh4+ 13. Kd2 Nc6 14. Qxc3
Nxd4 15. Bb2 Qf4+ 16. Ke1 Qe3+ 17. Kd1 Qxf3+ 18. Kd2 Qf4+ 19. Kd1 Qf3+ 20. Kd2
Qg2+ 21. Ke3 c5 22. Raf1 O-O-O 23. Qa3 Qg5+ 24. Kf2 Rhf8+ 25. Ke1 Qe3+ 26. Kd1
Rf3 27. Rxf3 Qxf3+ 28. Kd2 Qxh1 29. Bxd4 cxd4 30. c5 Qxh2+ 31. Kc1 Qc7 32. Kd2
Qxc5 33. Qxa7 Qa5+ 0-1

[Event "NB II. Asztalos csoport"]
[Site "Baja"]
[Date "2024.05.12"]
[Round "9.9"]
[White "Csordas, Peter"]
[Black "Brindza, Istvan"]
[Result "1/2-1/2"]
[WhiteElo "1884"]
[BlackElo "1918"]
[PlyCount "20"]
[EventDate "2023.10.08"]
[EventType "team-tourn"]
[EventRounds "9"]
[EventCountry "HUN"]
[Source "chess.hu"]
[WhiteTeam "Racalmas-Kiralysakk "]
[BlackTeam "Bajai SSC"]
[WhiteTeamCountry "HUN"]
[BlackTeamCountry "HUN"]

1. e4 e5 2. Nf3 Nc6 3. Bb5 a6 4. Ba4 Nf6 5. O-O Be7 6. Re1 b5 7. Bb3 d6 8. c3
O-O 9. d4 Na5 10. Bc2 Bg4 1/2-1/2

[Event "NB II. Asztalos csoport"]
[Site "Baja"]
[Date "2024.05.12"]
[Round "9.10"]
[White "Jaeger, Laszlo"]
[Black "Szabo, Levente Jr"]
[Result "1/2-1/2"]
[WhiteElo "1865"]
[BlackElo "1860"]
[PlyCount "34"]
[EventDate "2023.10.08"]
[EventType "team-tourn"]
[EventRounds "9"]
[EventCountry "HUN"]
[Source "chess.hu"]
[WhiteTeam "Bajai SSC"]
[BlackTeam "Racalmas-Kiralysakk "]
[WhiteTeamCountry "HUN"]
[BlackTeamCountry "HUN"]

1. e4 d5 2. exd5 Nf6 3. Nf3 Nxd5 4. d4 Bf5 5. c4 Nb4 6. Na3 c6 7. Be2 h6 8. O-O
e6 9. Bd2 Be7 10. Qb3 a5 11. Bxb4 axb4 12. Nc2 Bxc2 13. Qxc2 O-O 14. a4 c5 15.
dxc5 Bxc5 16. b3 Nc6 17. Qe4 Qf6 1/2-1/2

[Event "NB II. Asztalos csoport"]
[Site "Baja"]
[Date "2024.05.12"]
[Round "9.11"]
[White "Radics, Nora"]
[Black "Baki, Bence"]
[Result "0-1"]
[WhiteElo "1822"]
[BlackElo "1894"]
[PlyCount "78"]
[EventDate "2023.10.08"]
[EventType "team-tourn"]
[EventRounds "9"]
[EventCountry "HUN"]
[Source "chess.hu"]
[WhiteTeam "Racalmas-Kiralysakk "]
[BlackTeam "Bajai SSC"]
[WhiteTeamCountry "HUN"]
[BlackTeamCountry "HUN"]

1. d4 Nf6 2. f4 g6 3. e3 Bg7 4. Nf3 O-O 5. Bd3 d6 6. O-O c5 7. c3 Nc6 8. Qe2 e5
9. Nbd2 exf4 10. exf4 Re8 11. Qd1 Ng4 12. Nb3 Qb6 13. dxc5 dxc5 14. c4 Nb4 15.
h3 Ne3 16. Bxe3 Rxe3 17. Ne1 Bxh3 18. gxh3 Rd8 19. Rf3 Qe6 20. Nxc5 Qe7 21.
Nxb7 Bd4 22. Kf1 Qxb7 23. Be2 Qe4 24. Ng2 Rxf3+ 25. Bxf3 Qe6 26. Qe2 Qxh3 27.
Ke1 Qg3+ 28. Kf1 Qh2 29. Ne3 Qxf4 30. Rd1 Re8 31. Nd5 Rxe2 32. Nxf4 Rf2+ 33.
Kg1 Bb6 34. Nh3 Rxf3+ 35. Kg2 Re3 36. a3 Nc2 37. Rd2 Ne1+ 38. Kf1 Rxh3 39. Kxe1
Rh1+ 0-1

[Event "NB II. Asztalos csoport"]
[Site "Baja"]
[Date "2024.05.12"]
[Round "9.12"]
[White "Csilics, Borbala Klara"]
[Black "Dalocsa, Vince"]
[Result "1/2-1/2"]
[WhiteElo "1649"]
[BlackElo "1608"]
[PlyCount "100"]
[EventDate "2023.10.08"]
[EventType "team-tourn"]
[EventRounds "9"]
[EventCountry "HUN"]
[Source "chess.hu"]
[WhiteTeam "Bajai SSC"]
[BlackTeam "Racalmas-Kiralysakk "]
[WhiteTeamCountry "HUN"]
[BlackTeamCountry "HUN"]

1. d4 d5 2. c4 e6 3. Nc3 Nf6 4. Nf3 Bb4 5. e3 Nc6 6. Qc2 O-O 7. Bd2 Re8 8. cxd5
exd5 9. Bd3 Bxc3 10. bxc3 h6 11. O-O Qd6 12. h3 Ne4 13. Rac1 Qg6 14. Ne1 Qg5
15. f4 Qg6 16. c4 dxc4 17. Bxc4 Nxd2 18. Qxg6 Nxc4 19. Qg3 Nxe3 20. Rf3 Nf5 21.
Qf2 Ncxd4 22. Rxc7 Nxf3+ 23. Nxf3 Re7 24. Rxe7 Nxe7 25. Qc5 Nc6 26. Ne5 Nxe5
27. Qxe5 Be6 28. f5 Bxa2 29. h4 a6 30. h5 f6 31. Qa5 Bc4 32. Kf2 b5 33. g4 Kh7
34. Ke3 Re8+ 35. Kd4 Be2 36. Qc7 Re5 37. Qf7 a5 38. Qg6+ Kg8 39. g5 Bxh5 40.
Qxh5 hxg5 41. Qf3 a4 42. Qc6 Kh7 43. Qh1+ Kg8 44. Qc6 Kf7 45. Qa8 g4 46. Qb7+
Kg8 47. Qa8+ Kh7 48. Qh1+ Kg8 49. Qa8+ Kh7 50. Qh1+ Kg8 1/2-1/2

[Event "NB II. Asztalos csoport"]
[Site "Marcali"]
[Date "2024.05.12"]
[Round "9.1"]
[White "Nemeth, Attila Janos"]
[Black "Haszon, David"]
[Result "0-1"]
[WhiteElo "1952"]
[BlackElo "2258"]
[PlyCount "94"]
[EventDate "2023.10.08"]
[EventType "team-tourn"]
[EventRounds "9"]
[EventCountry "HUN"]
[Source "chess.hu"]
[WhiteTeam "Komloi BSK"]
[BlackTeam "Marcali VSZSE"]
[WhiteTeamCountry "HUN"]
[BlackTeamCountry "HUN"]

1. d4 d5 2. c4 e6 3. Nc3 a6 4. c5 Nc6 5. Nf3 e5 6. dxe5 d4 7. Na4 Bf5 8. Qb3
Qd7 9. Bf4 O-O-O 10. e3 dxe3 11. fxe3 h6 12. h4 Be6 13. Qc3 f6 14. Be2 g5 15.
hxg5 fxg5 16. Rd1 Qg7 17. Rxd8+ Nxd8 18. Bg3 Ne7 19. Nd4 Bd5 20. Bf3 Bxf3 21.
gxf3 Ndc6 22. Nxc6 Nxc6 23. b4 Qe7 24. Nb2 Bg7 25. Nd3 Qf7 26. O-O Rd8 27. f4
Qd5 28. Ne1 Qe4 29. Qb3 Kb8 30. a3 gxf4 31. exf4 Nd4 32. Qf7 Nf5 33. Kh2 h5 34.
Nf3 h4 35. Nxh4 Rh8 36. Kh3 Nxh4 37. Bxh4 Qd3+ 38. Kg4 Qxf1 39. Qxg7 Qd1+ 40.
Kg5 Qh5+ 41. Kf6 Qxh4+ 42. Kf5 Rh5+ 43. Ke4 Qh1+ 44. Kd4 Qd1+ 45. Ke4 Qe2+ 46.
Kd4 Rh3 47. Qg6 Qd2+ 0-1

[Event "NB II. Asztalos csoport"]
[Site "Marcali"]
[Date "2024.05.12"]
[Round "9.2"]
[White "Link, Ulrich"]
[Black "Szaz, Ferenc"]
[Result "1/2-1/2"]
[WhiteElo "2070"]
[BlackElo "1942"]
[PlyCount "60"]
[EventDate "2023.10.08"]
[EventType "team-tourn"]
[EventRounds "9"]
[EventCountry "HUN"]
[Source "chess.hu"]
[WhiteTeam "Marcali VSZSE"]
[BlackTeam "Komloi BSK"]
[WhiteTeamCountry "HUN"]
[BlackTeamCountry "HUN"]

1. d4 Nf6 2. Nc3 d5 3. Bg5 Ne4 4. Nxe4 dxe4 5. e3 c6 6. c3 Nd7 7. Qc2 h6 8. Bh4
g5 9. Bg3 Nf6 10. Be5 Bf5 11. Bc4 e6 12. Ne2 Bd6 13. Rd1 Bxe5 14. dxe5 Nd7 15.
Ng3 Qc7 16. Nxf5 exf5 17. e6 Ne5 18. exf7+ Nxf7 19. Bxf7+ Kxf7 20. O-O Rad8 21.
Rxd8 Rxd8 22. f3 Qb6 23. Qf2 exf3 24. Qxf3 f4 25. Qf2 Kg6 26. exf4 Qxf2+ 27.
Rxf2 Rd1+ 28. Rf1 Rxf1+ 29. Kxf1 gxf4 30. Kf2 Kf5 1/2-1/2

[Event "NB II. Asztalos csoport"]
[Site "Marcali"]
[Date "2024.05.12"]
[Round "9.3"]
[White "Grunwald, Matyas"]
[Black "Ferenczy, Mate"]
[Result "1-0"]
[WhiteElo "1932"]
[BlackElo "2027"]
[PlyCount "75"]
[EventDate "2023.10.08"]
[EventType "team-tourn"]
[EventRounds "9"]
[EventCountry "HUN"]
[Source "chess.hu"]
[WhiteTeam "Komloi BSK"]
[BlackTeam "Marcali VSZSE"]
[WhiteTeamCountry "HUN"]
[BlackTeamCountry "HUN"]

1. d4 Nf6 2. c4 c5 3. d5 e6 4. Nc3 exd5 5. cxd5 d6 6. e4 g6 7. f4 Bg7 8. Nf3
O-O 9. Bd3 Re8 10. O-O Bg4 11. Qc2 Bxf3 12. Rxf3 Nbd7 13. Be3 a6 14. a4 Qc7 15.
Qd2 Ng4 16. Kh1 Nxe3 17. Rxe3 c4 18. Bf1 Nc5 19. Ra3 Bxc3 20. Raxc3 b5 21. e5
Nxa4 22. Rc1 Rad8 23. b3 Nc5 24. bxc4 dxe5 25. cxb5 Qd6 26. Qb4 Nb7 27. Qxd6
Nxd6 28. b6 Nb5 29. Rxe5 Rf8 30. Ra1 f6 31. Re7 Rxd5 32. Rxa6 Rdd8 33. Kg1 Nd6
34. Raa7 Rfe8 35. Rg7+ Kh8 36. Rxh7+ Kg8 37. Rhd7 Nc8 38. Bc4+ 1-0

[Event "NB II. Asztalos csoport"]
[Site "Marcali"]
[Date "2024.05.12"]
[Round "9.4"]
[White "Mike, Janos"]
[Black "Fekete, Lajos"]
[Result "1/2-1/2"]
[WhiteElo "1890"]
[BlackElo "1833"]
[PlyCount "45"]
[EventDate "2023.10.08"]
[EventType "team-tourn"]
[EventRounds "9"]
[EventCountry "HUN"]
[Source "chess.hu"]
[WhiteTeam "Marcali VSZSE"]
[BlackTeam "Komloi BSK"]
[WhiteTeamCountry "HUN"]
[BlackTeamCountry "HUN"]

1. c4 c5 2. Nc3 Nc6 3. d3 e6 4. e4 Nge7 5. Be3 b6 6. Nf3 d5 7. cxd5 exd5 8.
exd5 Nxd5 9. Qe2 Nxe3 10. Qxe3+ Qe7 11. Nd5 Qxe3+ 12. fxe3 Bd6 13. a3 Bb7 14.
Nc3 Rd8 15. Be2 O-O 16. Kf2 Ne5 17. Nxe5 Bxe5 18. Rad1 Rd7 19. Rd2 Rfd8 20. a4
a6 21. h3 Rd6 22. Rhd1 Bf6 23. Bf3 1/2-1/2

[Event "NB II. Asztalos csoport"]
[Site "Marcali"]
[Date "2024.05.12"]
[Round "9.5"]
[White "Pater, Peter"]
[Black "Dan, Daniel"]
[Result "1-0"]
[WhiteElo "2003"]
[BlackElo "1856"]
[PlyCount "77"]
[EventDate "2023.10.08"]
[EventType "team-tourn"]
[EventRounds "9"]
[EventCountry "HUN"]
[Source "chess.hu"]
[WhiteTeam "Komloi BSK"]
[BlackTeam "Marcali VSZSE"]
[WhiteTeamCountry "HUN"]
[BlackTeamCountry "HUN"]

1. d4 Nf6 2. c4 e6 3. Nf3 b6 4. g3 Bb7 5. Bg2 Bb4+ 6. Bd2 Bxd2+ 7. Qxd2 O-O 8.
O-O d6 9. Nc3 Nbd7 10. Rad1 Ne4 11. Qc2 Ndf6 12. Nd2 Nxc3 13. Qxc3 Bxg2 14.
Kxg2 Re8 15. e4 e5 16. d5 Qe7 17. b4 a5 18. a3 axb4 19. axb4 Ra4 20. Ra1 Rea8
21. f3 Qe8 22. Rxa4 Qxa4 23. c5 bxc5 24. bxc5 Ra5 25. cxd6 cxd6 26. Ra1 h5 27.
Qxa5 Qc2 28. h4 Qd3 29. Rf1 Qe3 30. Rf2 g5 31. Nf1 Qc1 32. Qd2 Qxd2 33. Nxd2 g4
34. Nc4 gxf3+ 35. Kxf3 Ne8 36. Rb2 Kf8 37. Rb8 Ke7 38. Rxe8+ Kxe8 39. Nxd6+ 1-0

[Event "NB II. Asztalos csoport"]
[Site "Marcali"]
[Date "2024.05.12"]
[Round "9.6"]
[White "Haszon, Attila"]
[Black "Kadar, Gabor"]
[Result "1/2-1/2"]
[WhiteElo "1850"]
[BlackElo "1930"]
[PlyCount "81"]
[EventDate "2023.10.08"]
[EventType "team-tourn"]
[EventRounds "9"]
[EventCountry "HUN"]
[Source "chess.hu"]
[WhiteTeam "Marcali VSZSE"]
[BlackTeam "Komloi BSK"]
[WhiteTeamCountry "HUN"]
[BlackTeamCountry "HUN"]

1. d4 Nf6 2. Nf3 g6 3. g3 Bg7 4. Bg2 h5 5. b3 d5 6. Bb2 Bg4 7. Nbd2 Na6 8. a3
c5 9. Ne5 Be6 10. Ndf3 Rc8 11. Ng5 cxd4 12. Nxe6 fxe6 13. Qd3 Ne4 14. Qb5+ Kf8
15. Nxg6+ Kf7 16. Nxh8+ Qxh8 17. O-O Rxc2 18. Bxe4 dxe4 19. Qxb7 Nc5 20. Qc7
Be5 21. Qc6 Qb8 22. b4 Rxb2 23. Qxc5 Rb3 24. f4 Bf6 25. Qxh5+ Kg7 26. Qg4+ Kf7
27. f5 Qb6 28. fxe6+ Qxe6 29. Qh5+ Kg7 30. Rf4 d3 31. Rg4+ Kf8 32. Qh6+ Ke8 33.
Qg6+ Qf7 34. Qxe4 Bxa1 35. Qa8+ Kd7 36. Qb7+ Kd6 37. Qb8+ Kc6 38. Qc8+ Kd6 39.
Qc5+ Kd7 40. Qxa7+ Kd6 41. Qc5+ 1/2-1/2

[Event "NB II. Asztalos csoport"]
[Site "Marcali"]
[Date "2024.05.12"]
[Round "9.7"]
[White "Gyorgy, Gergely"]
[Black "Kiraly, Mate"]
[Result "0-1"]
[WhiteElo "1799"]
[BlackElo "1866"]
[PlyCount "60"]
[EventDate "2023.10.08"]
[EventType "team-tourn"]
[EventRounds "9"]
[EventCountry "HUN"]
[Source "chess.hu"]
[WhiteTeam "Komloi BSK"]
[BlackTeam "Marcali VSZSE"]
[WhiteTeamCountry "HUN"]
[BlackTeamCountry "HUN"]

1. e4 d6 2. d4 g6 3. c4 Bg7 4. Be3 e5 5. Nc3 Nc6 6. d5 Nd4 7. Bd3 f5 8. exf5
Nxf5 9. Bxf5 Bxf5 10. Nge2 Nf6 11. h3 h5 12. Bg5 Qd7 13. Ng3 h4 14. Nxf5 gxf5
15. Qe2 O-O-O 16. O-O-O Bh6 17. Bxh6 Rxh6 18. f3 Rg8 19. Qf2 Kb8 20. Rhg1 Qg7
21. c5 Qg5+ 22. Kb1 Nh5 23. cxd6 Rxd6 24. Nb5 Rb6 25. Qc2 Rxb5 26. Qc4 Rb6 27.
Rc1 Qe7 28. d6 Qg7 29. dxc7+ Kc8 30. Qe6+ Rxe6 0-1

[Event "NB II. Asztalos csoport"]
[Site "Marcali"]
[Date "2024.05.12"]
[Round "9.8"]
[White "Tombor, Mate"]
[Black "Koncsag, Sandor"]
[Result "1-0"]
[WhiteElo "1753"]
[BlackElo "1784"]
[PlyCount "67"]
[EventDate "2023.10.08"]
[EventType "team-tourn"]
[EventRounds "9"]
[EventCountry "HUN"]
[Source "chess.hu"]
[WhiteTeam "Marcali VSZSE"]
[BlackTeam "Komloi BSK"]
[WhiteTeamCountry "HUN"]
[BlackTeamCountry "HUN"]

1. e4 c6 2. d4 d5 3. f3 e6 4. Nc3 dxe4 5. fxe4 Nf6 6. Nf3 Be7 7. Bc4 h6 8. a3
Qa5 9. e5 Nd5 10. Bd2 Qc7 11. O-O Nd7 12. Qe2 Nxc3 13. Bxc3 Nb6 14. Bb3 Nd5 15.
Bd2 Qb6 16. Ba4 Qd8 17. c4 Nb6 18. Bb3 Qd7 19. a4 Rb8 20. a5 Na8 21. d5 Bc5+
22. Be3 Bxe3+ 23. Qxe3 b5 24. axb6 Nxb6 25. dxc6 Qc7 26. Qf2 O-O 27. Nd4 a6 28.
Qg3 Qe7 29. Rf6 Kh8 30. Qh4 Kg8 31. Raf1 Qc5 32. Rxh6 gxh6 33. Qg4+ Kh8 34. Rf6
1-0

[Event "NB II. Asztalos csoport"]
[Site "Marcali"]
[Date "2024.05.12"]
[Round "9.9"]
[White "Kis Katos, Janos"]
[Black "Jankovics, Emod"]
[Result "0-1"]
[WhiteElo "1836"]
[BlackElo "1732"]
[PlyCount "114"]
[EventDate "2023.10.08"]
[EventType "team-tourn"]
[EventRounds "9"]
[EventCountry "HUN"]
[Source "chess.hu"]
[WhiteTeam "Komloi BSK"]
[BlackTeam "Marcali VSZSE"]
[WhiteTeamCountry "HUN"]
[BlackTeamCountry "HUN"]

1. e4 c5 2. c3 Nf6 3. e5 Nd5 4. d4 cxd4 5. Qxd4 e6 6. Bc4 Nc6 7. Qe4 Nb6 8. Bb3
d5 9. exd6 Bxd6 10. Nf3 h6 11. Be3 O-O 12. Nbd2 Nd7 13. O-O-O Nf6 14. Qc2 Qc7
15. Nc4 Bf4 16. g3 Bxe3+ 17. Nxe3 b5 18. Nd4 Nxd4 19. Rxd4 a5 20. a4 Bb7 21.
Rhd1 Bf3 22. R1d2 e5 23. Rh4 Rfc8 24. Qf5 Bc6 25. Ng4 Nxg4 26. Rxg4 Qe7 27. Qg6
Qf8 28. Qxh6 Bf3 29. Rg5 bxa4 30. Bc2 e4 31. Qd6 Qxd6 32. Rxd6 a3 33. bxa3 Rxc3
34. Kb2 Rc7 35. Rb5 Be2 36. Rbb6 Rac8 37. Bxe4 Rc4 38. Rd2 Rxe4 39. Rb3 a4 40.
Rb4 Rxb4+ 41. axb4 Bb5 42. Rd5 Bc6 43. Rc5 Bd7 44. Ra5 Rb8 45. Kc3 Kf8 46. f4
Ke7 47. Ra7 Kd6 48. Ra5 Rc8+ 49. Kd4 Rc2 50. h4 Rb2 51. Rd5+ Ke7 52. Re5+ Kf6
53. Kc5 a3 54. Kd6 a2 55. Ra5 Be6 56. f5 Bxf5 57. b5 Bd3 0-1

[Event "NB II. Asztalos csoport"]
[Site "Marcali"]
[Date "2024.05.12"]
[Round "9.10"]
[White "Angyan, Mark"]
[Black "Grunwald, Geza Dr"]
[Result "1-0"]
[WhiteElo "1728"]
[BlackElo "1797"]
[PlyCount "69"]
[EventDate "2023.10.08"]
[EventType "team-tourn"]
[EventRounds "9"]
[EventCountry "HUN"]
[Source "chess.hu"]
[WhiteTeam "Marcali VSZSE"]
[BlackTeam "Komloi BSK"]
[WhiteTeamCountry "HUN"]
[BlackTeamCountry "HUN"]

1. d4 e6 2. Bf4 d5 3. e3 Nf6 4. Nf3 Nc6 5. c3 a6 6. Bd3 h6 7. Nbd2 Nh5 8. Ne5
Nxf4 9. exf4 Bd6 10. O-O Ne7 11. g3 O-O 12. Ndf3 Bd7 13. Nxd7 Qxd7 14. Ne5 Qe8
15. Re1 c5 16. Qg4 f5 17. Qe2 Bxe5 18. Qxe5 Rf6 19. dxc5 Qc6 20. b4 Rd8 21. Qd4
Qd7 22. Bf1 Nc6 23. Qd3 d4 24. a3 dxc3 25. Qxd7 Rxd7 26. Rac1 Rd2 27. Rxc3 Nd4
28. Ree3 g5 29. fxg5 hxg5 30. Rcd3 f4 31. Rxd2 e5 32. Red3 fxg3 33. hxg3 Nf3+
34. Rxf3 Rxf3 35. Rd3 1-0

[Event "NB II. Asztalos csoport"]
[Site "Marcali"]
[Date "2024.05.12"]
[Round "9.11"]
[White "Csiszar, Vivien"]
[Black "Bihary, Soma Botond"]
[Result "0-1"]
[WhiteElo "1517"]
[BlackElo "1807"]
[PlyCount "86"]
[EventDate "2023.10.08"]
[EventType "team-tourn"]
[EventRounds "9"]
[EventCountry "HUN"]
[Source "chess.hu"]
[WhiteTeam "Komloi BSK"]
[BlackTeam "Marcali VSZSE"]
[WhiteTeamCountry "HUN"]
[BlackTeamCountry "HUN"]

1. e4 c5 2. Nf3 e6 3. d3 Nc6 4. Nbd2 g6 5. g3 Bg7 6. Bg2 Nge7 7. c3 a6 8. O-O
O-O 9. Ne1 d5 10. f4 Rb8 11. h4 f5 12. e5 h5 13. Ndf3 Bh6 14. Be3 d4 15. Bf2
Qb6 16. Qc2 Rd8 17. Nd2 Qc7 18. Nc4 Bd7 19. Nd6 Nc8 20. cxd4 cxd4 21. Bxc6 Bxc6
22. Bxd4 Nxd6 23. exd6 Qxd6 24. Be5 Qd5 25. Nf3 Rbc8 26. Bd4 Bg7 27. Bxg7 Kxg7
28. Qe2 Qxd3 29. Qe5+ Kh6 30. Rad1 Qc2 31. Rxd8 Rxd8 32. Qf6 Qc5+ 33. Kh2 Qc2+
34. Kg1 Re8 35. Qe5 Qe4 36. Qc3 Rd8 37. a3 Qe2 38. Qf6 Re8 39. Rf2 Qd1+ 40. Rf1
Qd3 41. Qg5+ Kg7 42. Ne5 Qe3+ 43. Kh2 Qe2+ 0-1

[Event "NB II. Asztalos csoport"]
[Site "Marcali"]
[Date "2024.05.12"]
[Round "9.12"]
[White "Nemeth, Mate Barnabas"]
[Black "Nemeth, David Istvan"]
[Result "0-1"]
[WhiteElo "1668"]
[BlackElo "1747"]
[PlyCount "132"]
[EventDate "2023.10.08"]
[EventType "team-tourn"]
[EventRounds "9"]
[EventCountry "HUN"]
[Source "chess.hu"]
[WhiteTeam "Marcali VSZSE"]
[BlackTeam "Komloi BSK"]
[WhiteTeamCountry "HUN"]
[BlackTeamCountry "HUN"]

1. e4 e5 2. Nf3 Nc6 3. c3 Bc5 4. d4 exd4 5. cxd4 Bb4+ 6. Nc3 Nf6 7. Bd3 d5 8.
Qe2 dxe4 9. Bxe4 O-O 10. O-O Nxd4 11. Qd3 Nxf3+ 12. Qxf3 Nxe4 13. Nxe4 Qh4 14.
Qf4 Qxf4 15. Bxf4 Re8 16. Ng3 c6 17. a3 Ba5 18. b4 Bb6 19. h3 Be6 20. Ne4 Bc4
21. Rfe1 Red8 22. Nd6 Bc7 23. Nxb7 Rdc8 24. Bxc7 Rxc7 25. Nd6 Bd5 26. Re3 Rd7
27. Rae1 Rf8 28. Nf5 Be6 29. g4 Bxf5 30. gxf5 h6 31. Re7 Rfd8 32. Re8+ Rxe8 33.
Rxe8+ Kh7 34. Rc8 Rd3 35. a4 Rd4 36. Rb8 Rf4 37. Rb7 a5 38. bxa5 Rxf5 39. a6
Ra5 40. a7 Kg6 41. Kf1 Rxa4 42. Ke2 c5 43. Kd3 Kf6 44. Kc3 g6 45. Kb3 Ra5 46.
Kc4 Ke6 47. f4 g5 48. f5+ Kxf5 49. Kd5 f6 50. Kc6 h5 51. Kb6 Ra3 52. Rb8 Kf4
53. a8=Q Rxa8 54. Rxa8 Kg3 55. Ra3+ Kh4 56. Rf3 c4 57. Rxf6 Kxh3 58. Rf3+ Kh4
59. Rc3 g4 60. Rxc4 Kh3 61. Rc3+ g3 62. Kc5 h4 63. Kd4 Kh2 64. Ke3 g2 65. Rc2
Kg3 66. Rc5 g1=Q+ 0-1

[Event "NB II. Asztalos csoport"]
[Site "Kaposvar"]
[Date "2024.05.12"]
[Round "9.1"]
[White "Bihercz, Gabor"]
[Black "Veress, Robert"]
[Result "1/2-1/2"]
[WhiteElo "2181"]
[BlackElo "2163"]
[PlyCount "63"]
[EventDate "2023.10.08"]
[EventType "team-tourn"]
[EventRounds "9"]
[EventCountry "HUN"]
[Source "chess.hu"]
[WhiteTeam "Szentlorinc"]
[BlackTeam "Kaposvari Bastya SE"]
[WhiteTeamCountry "HUN"]
[BlackTeamCountry "HUN"]

1. d4 Nf6 2. Nc3 d5 3. Bf4 Bf5 4. e3 c6 5. Nf3 e6 6. Ne5 Bd6 7. g4 Bxe5 8. dxe5
Nxg4 9. f3 Nh6 10. Qd2 Qh4+ 11. Bg3 Qb4 12. O-O-O Nd7 13. e4 Bg6 14. Bh4 Nxe5
15. a3 Qa5 16. Be2 f6 17. Bxf6 gxf6 18. Qxh6 O-O-O 19. h4 Nd7 20. h5 Bf7 21.
Rhg1 d4 22. Rxd4 Qxh5 23. Qd2 Nb6 24. Rxd8+ Rxd8 25. Qf4 Qe5 26. Qxe5 fxe5 27.
Rg7 Bg6 28. Nd1 Rd7 29. Rg8+ Rd8 30. Rg7 Rd7 31. Rg8+ Rd8 32. Rg7 1/2-1/2

[Event "NB II. Asztalos csoport"]
[Site "Kaposvar"]
[Date "2024.05.12"]
[Round "9.2"]
[White "Katai, David"]
[Black "Wolosz, Janos"]
[Result "1-0"]
[WhiteElo "2149"]
[BlackElo "2148"]
[PlyCount "107"]
[EventDate "2023.10.08"]
[EventType "team-tourn"]
[EventRounds "9"]
[EventCountry "HUN"]
[Source "chess.hu"]
[WhiteTeam "Kaposvari Bastya SE"]
[BlackTeam "Szentlorinc"]
[WhiteTeamCountry "HUN"]
[BlackTeamCountry "HUN"]

1. e4 e5 2. Nf3 Nc6 3. Bb5 Nf6 4. d3 Bc5 5. O-O Nd4 6. Bc4 d6 7. h3 Be6 8. Nxd4
Bxd4 9. c3 Bb6 10. Nd2 O-O 11. Bxe6 fxe6 12. Nc4 Qe8 13. Nxb6 axb6 14. f4 exf4
15. Bxf4 Qg6 16. e5 Nd5 17. Bh2 Rxf1+ 18. Qxf1 dxe5 19. Bxe5 Rf8 20. Qe2 c6 21.
Re1 Qf5 22. a3 b5 23. c4 bxc4 24. dxc4 Nf4 25. Bxf4 Qxf4 26. Qxe6+ Kh8 27. Qe2
h6 28. b3 Qd4+ 29. Qe3 Qxe3+ 30. Rxe3 b5 31. cxb5 cxb5 32. a4 bxa4 33. bxa4 Rf5
34. Ra3 Ra5 35. Kf2 Kg8 36. Ke3 Kf7 37. Kd4 Ke6 38. Kc4 Kd6 39. Kb4 Ra8 40. a5
Rb8+ 41. Kc4 Rc8+ 42. Kd4 Ra8 43. a6 Ra7 44. g3 Kc6 45. Kc4 Kb6 46. Kb4 Kc6 47.
Ka5 Rf7 48. Rc3+ Kd5 49. Kb6 Rf1 50. a7 Rb1+ 51. Kc7 Ra1 52. Kb8 Rb1+ 53. Kc8
Ra1 54. Rc7 1-0

[Event "NB II. Asztalos csoport"]
[Site "Kaposvar"]
[Date "2024.05.12"]
[Round "9.3"]
[White "Bene, Zoltan"]
[Black "Galambos, Tivadar"]
[Result "1-0"]
[WhiteElo "2137"]
[BlackElo "1928"]
[PlyCount "65"]
[EventDate "2023.10.08"]
[EventType "team-tourn"]
[EventRounds "9"]
[EventCountry "HUN"]
[Source "chess.hu"]
[WhiteTeam "Szentlorinc"]
[BlackTeam "Kaposvari Bastya SE"]
[WhiteTeamCountry "HUN"]
[BlackTeamCountry "HUN"]

1. e4 c5 2. Nf3 Nc6 3. Bb5 d6 4. O-O e5 5. c3 Bg4 6. d4 cxd4 7. cxd4 exd4 8.
Qa4 Bd7 9. Nxd4 Nxd4 10. Bxd7+ Qxd7 11. Qxd4 Ne7 12. Bf4 Nc6 13. Qd2 Be7 14.
Nc3 a6 15. Rfd1 Rd8 16. Nd5 O-O 17. b4 Qe6 18. Rac1 Bf6 19. Nxf6+ gxf6 20. f3
Rd7 21. Bg3 Kg7 22. Qf4 Rfd8 23. Rd5 Ne5 24. h4 Rg8 25. h5 Kf8 26. Rc8+ Kg7 27.
Rxg8+ Kxg8 28. Bh4 Kg7 29. h6+ Kg6 30. Be1 f5 31. Qg3+ Kf6 32. Qg7+ Ke7 33.
Bh4+ 1-0

[Event "NB II. Asztalos csoport"]
[Site "Kaposvar"]
[Date "2024.05.12"]
[Round "9.4"]
[White "Kadlicsko, Jozsef"]
[Black "Hovorka, Tamas"]
[Result "0-1"]
[WhiteElo "2028"]
[BlackElo "2034"]
[PlyCount "112"]
[EventDate "2023.10.08"]
[EventType "team-tourn"]
[EventRounds "9"]
[EventCountry "HUN"]
[Source "chess.hu"]
[WhiteTeam "Kaposvari Bastya SE"]
[BlackTeam "Szentlorinc"]
[WhiteTeamCountry "HUN"]
[BlackTeamCountry "HUN"]

1. Nf3 d5 2. c4 e6 3. e3 Nf6 4. d4 c6 5. Nc3 Bd6 6. Bd3 Nbd7 7. e4 dxe4 8. Nxe4
Nxe4 9. Bxe4 h6 10. Qe2 O-O 11. Bd2 e5 12. O-O-O f5 13. Bc2 e4 14. Ne5 Qf6 15.
f4 c5 16. Nxd7 Bxd7 17. dxc5 Bxc5 18. Bc3 Qe7 19. Be5 Rf7 20. h3 Qh4 21. Rhf1
Qg3 22. Bb3 Rc8 23. Kb1 Be6 24. Rc1 Rd7 25. Rc3 Qh4 26. a3 Qd8 27. Rg3 Bd4 28.
Rg6 Qe8 29. Rg3 Bxe5 30. fxe5 Qf7 31. Rc3 Rd4 32. Rd1 Qd7 33. Rxd4 Qxd4 34. Qe3
Qxe3 35. Rxe3 Kf8 36. g3 Bxc4 37. Rc3 Bd3+ 38. Kc1 Rxc3+ 39. bxc3 Ke7 40. Kd2
b5 41. Ke3 Bc4 42. Bc2 Ke6 43. Kd4 a5 44. a4 e3 45. Kxe3 Kxe5 46. axb5 Bxb5 47.
h4 g5 48. hxg5 hxg5 49. Bd1 a4 50. Kd2 a3 51. Kc1 Bd3 52. Bb3 f4 53. gxf4+ gxf4
54. Kd2 Ke4 55. Kc1 f3 56. Be6 f2 0-1

[Event "NB II. Asztalos csoport"]
[Site "Kaposvar"]
[Date "2024.05.12"]
[Round "9.5"]
[White "Horvath, Gergely"]
[Black "Mihalecz, Attila"]
[Result "1/2-1/2"]
[WhiteElo "1952"]
[BlackElo "1931"]
[PlyCount "22"]
[EventDate "2023.10.08"]
[EventType "team-tourn"]
[EventRounds "9"]
[EventCountry "HUN"]
[Source "chess.hu"]
[WhiteTeam "Szentlorinc"]
[BlackTeam "Kaposvari Bastya SE"]
[WhiteTeamCountry "HUN"]
[BlackTeamCountry "HUN"]

1. d4 Nf6 2. c4 e5 3. dxe5 Ng4 4. Bf4 Nc6 5. Nf3 Bb4+ 6. Nbd2 Qe7 7. e3 Ngxe5
8. Nxe5 Nxe5 9. a3 Bxd2+ 10. Qxd2 O-O 11. Be2 d6 1/2-1/2